| 000 | 00810nam a22001817a 4500 | ||
|---|---|---|---|
| 005 | 20251208092039.0 | ||
| 008 | 240828b ||||| |||| 00| 0 eng d | ||
| 040 | _cSSBUL | ||
| 082 |
_223 _a၂၉၄.၃၄၃၇ လယ် _b၉၃၁၉ S-SAT |
||
| 100 | 0 | _aလယ်တီဆရာတော် | |
| 245 | 1 |
_aမဟာသရဏဂုမ်တော်ကြီး / _cလယ်တီဆရာတော်။ |
|
| 250 | _aတတိယအကြိမ်။ | ||
| 260 |
_aရန်ကုန် ၊ _bနေလင်းပိဋကတ်ပုံနှိပ်တိုက်၊ _c၁၉၈၂။ |
||
| 300 |
_a၁၄၄ စာမျက်နှာ ၊ _c၁၈ စင်တီ။ |
||
| 500 | _aS-SAT: Dr. Sai Aung Tun | ||
| 650 |
_aဗုဒ္ဓဘာသာ _xမန္တန် _950640 |
||
| 942 |
_2ddc _cBK1 |
||
| 999 |
_c40985 _d40985 |
||